header

School discourse (Record no. 130505)

MARC details
000 -LEADER
fixed length control field 01384nam a2200349Ia 4500
100 1# - MAIN ENTRY--AUTHOR NAME
Personal name Christie, Frances.
245 10 - TITLE STATEMENT
Title School discourse
260 ## - PUBLICATION, DISTRIBUTION, ETC. (IMPRINT)
Place of publication London ;
-- New York :
Name of publisher Continuum,
Year of publication c2008.
300 ## - PHYSICAL DESCRIPTION
Number of Pages ix, 267 p. :
Other physical details ill.
490 1# - SERIES STATEMENT
Series statement Continuum discourse series
650 #0 - SUBJECT ADDED ENTRY--TOPICAL TERM
Topical Term Children
Topical Term English language
Topical Term Language and education.
700 1# - ADDED ENTRY--PERSONAL NAME
Personal name Derewianka, Beverly.
856 40 - ELECTRONIC LOCATION AND ACCESS
Uniform Resource Identifier http://site.ebrary.com/lib/rucke/Doc?id=10495278

No items available.

© 2026 Rongo University
Contact us: librarian | system librarian | Rongo university